书目信息 |
| 题名: |
结构风险分析及风险决策的概率方法
|
|
| 作者: | 贾超 著 | |
| 分册: | ||
| 出版信息: | 北京 中国水利水电出版社 2007.10 |
|
| 页数: | 164页 | |
| 开本: | 21cm | |
| 丛书名: | ||
| 单 册: | ||
| 中图分类: | TU712 | |
| 科图分类: | ||
| 主题词: | 建筑工程--jian zhu gong cheng--风险管理--研究 | |
| 电子资源: | ||
| ISBN: | 978-7-5084-4881-7 | |
| 000 | 01045nam0 2200265 450 | |
| 001 | 012008346749 | |
| 005 | 20080509114711.63 | |
| 010 | @a978-7-5084-4881-7@dCNY18.00 | |
| 100 | @a20080509d2007 em y0chiy0120 ea | |
| 101 | 0 | @achi |
| 102 | @aCN@b110000 | |
| 105 | @aack a 000yy | |
| 106 | @ar | |
| 200 | 1 | @a结构风险分析及风险决策的概率方法@Ajie gou feng xian fen xi ji feng xian jue ce de gai lu fang fa@f贾超著@Fjia chao zhu |
| 210 | @a北京@c中国水利水电出版社@d2007.10 | |
| 215 | @a164页@c图, 肖像@d21cm | |
| 312 | @a英文并列题名取自封面 | |
| 320 | @a有书目 (第158-164页) | |
| 330 | @a本书以概率论及可靠度理论为基础,以南水北调中线工程为背景,从工程角度针对当前工程风险分析及风险决策领域的热点和难点进行了研究,提出了基于可靠度的工程结构的概率风险方法。 | |
| 510 | 1 | @aStructure risk analysis and risk decision based on probability method@zeng |
| 606 | 0 | @a建筑工程@Ajian zhu gong cheng@x风险管理@x研究 |
| 690 | @aTU712@v4 | |
| 701 | 0 | @a贾超@Ajia chao@4著 |
| 801 | 0 | @aCN@bQSSK@c20080509 |
| 905 | @b709411-13@dTU712@eJ239@f3 | |
| 结构风险分析及风险决策的概率方法/贾超著.-北京:中国水利水电出版社,2007.10 |
| 164页:图, 肖像;21cm |
| ISBN 978-7-5084-4881-7:CNY18.00 |
| 本书以概率论及可靠度理论为基础,以南水北调中线工程为背景,从工程角度针对当前工程风险分析及风险决策领域的热点和难点进行了研究,提出了基于可靠度的工程结构的概率风险方法。 |
| ● |
| 相关链接 |
|
|
|
正题名:结构风险分析及风险决策的概率方法
索取号:TU712/J239
 
预约/预借
| 序号 | 登录号 | 条形码 | 馆藏地/架位号 | 状态 | 备注 |
| 1 | 709411 | 207094115 | 建筑库201/201建筑库 19排4列2层/ [索取号:TU712/J239] | 在馆 | |
| 2 | 709412 | 207094124 | 建筑库201/201建筑库 19排4列2层/ [索取号:TU712/J239] | 在馆 | |
| 3 | 709413 | 207094133 | 建筑库201/201建筑库 19排4列2层/ [索取号:TU712/J239] | 在馆 |